Statistics for Largest City to Country #2

Click here to take the quiz!

General Stats

  • This quiz has been taken 111 times
  • The average score is 11 of 12

Answer Stats

CityCountry% Correct
SydneyAustralia
100%
AthensGreece
99%
OsloNorway
99%
LisbonPortugal
98%
BogotaColombia
96%
SantiagoChile
95%
GuangzhouChina
95%
BangkokThailand
95%
Santo DomingoDominican Republic
89%
San JoseCosta Rica
84%
KinshasaDRC
82%
SuvaFiji
73%

Score Distribution

Percentile by Number Answered

Percent of People with Each Score

Your Score History

You have not taken this quiz